[Event "52nd Biel Festival Blitz 2019"]
[Site "Biel"]
[Date "2019.07.27"]
[Round "3.4"]
[White "Maghsoodloo, Parham"]
[Black "Vidit, Santosh Gujrathi"]
[Result "1/2-1/2"]
[WhiteElo "2656"]
[BlackElo "2703"]
[Annotator "TA"]
[PlyCount "105"]
[EventDate "2019.07.27"]
[EventType "tourn"]
[EventCountry "SUI"]
[SourceTitle "playchess.com"]
[Source "ChessBase"]
[SourceQuality "1"]

{[%evp 18,105,0,0,10,-18,0,0,0,0,0,-5,0,-13,0,-10,0,6,18,18,13,17,21,23,27,23,18,0,0,0,0,0,0,0,0,0,0,0,0,0,0,0,0,0,0,0,0,0,0,-19,-19,-32,-33,-73,-75,-79,-58,-66,-39,-39,-39,-39,-39,-39,-39,-39,-39,-39,-39,-70,-70,-70,-70,-70,-70,-70,0,0,0,0,-3,-7,-7,-11,-14,-14,-14,-94,-27,-29]} 1. e4 e5 2. Nf3 Nc6 3. Bb5 a6 4. Bxc6 dxc6 5. d4 exd4 6. Qxd4 Qxd4 7. Nxd4 Bd7 8. Nc3 O-O-O 9. Be3 Bb4 10. Nde2 f5 {C68: Ruy Lopez: Exchange Variation, sidelines} 11. O-O-O fxe4 $146 ({Predecessor:} 11... Nf6 12. exf5 Bxf5 13. Rxd8+ Rxd8 14. a3 Bd6 15. f3 Re8 16. Bd2 Bg6 17. Ng3 Rf8 18. Re1 h5 19. Nf1 Kd7 20. Bg5 Nh7 21. Bd2 Nf6 22. Bg5 Nh7 23. Bd2 Nf6 {½-½ (23) Nestorovic,L (2419)-Erdos,V (2609) Sarajevo 2011}) 12. Nxe4 Nf6 {The position is equal.} 13. Nxf6 gxf6 14. Nf4 Bd6 15. h3 Rhg8 16. Rhg1 Bxf4 17. Bxf4 Be6 18. Rde1 Rde8 ({Don't go for} 18... Bxa2 $2 19. b3 $18) 19. g4 Bf7 20. Be3 h5 21. gxh5 Bxh5 22. h4 Rxg1 23. Rxg1 $11 {[%mdl 4096] Endgame KRB-KRB} Re4 24. Rg8+ Kd7 25. Rg7+ Kc8 26. Rh7 Rxh4 27. Kd2 b6 28. b4 a5 29. bxa5 bxa5 30. c3 Rh1 31. Rh6 f5 32. Bf4 Bf3 33. Rf6 Rd1+ 34. Ke3 Be4 35. c4 Rd3+ 36. Ke2 Ra3 37. Rf7 $1 Rxa2+ 38. Ke3 Ra3+ 39. Kd4 Rd3+ 40. Kc5 Rd7 41. Rxd7 Kxd7 $15 {KB-KB} 42. Be5 a4 {[%cal Ba5a4,Ba4a3,Ba3a2][%mdl 32]} 43. f4 a3 44. Kb4 a2 45. Ka3 Bb1 46. Kb2 Kc8 ({Black should play} 46... c5 $15) 47. c5 $11 Kb7 48. Ka1 Ka6 {[#] Threatens to win with ...Kb5.} 49. Bxc7 Kb5 50. Bd6 Kc4 51. Kb2 Kd4 52. Ka1 {[#]} (52. Bf8 $11) 52... Ke4 (52... Kc3 $1 $17 53. Be7 Kb3) 53. Kb2 {Accuracy: White = 68%, Black = 70%.} 1/2-1/2

[Event "52nd Biel Festival Blitz 2019"]
[Site "Biel"]
[Date "2019.07.27"]
[Round "4.1"]
[White "Shankland, Sam"]
[Black "Vidit, Santosh Gujrathi"]
[Result "0-1"]
[WhiteElo "2713"]
[BlackElo "2703"]
[Annotator "TA"]
[PlyCount "78"]
[EventDate "2019.07.27"]
[EventType "tourn"]
[EventCountry "SUI"]
[SourceTitle "playchess.com"]
[Source "ChessBase"]
[SourceQuality "1"]

{[%evp 12,78,16,6,14,23,21,19,21,13,28,33,52,0,0,0,0,-37,-27,-58,-55,-181,-172,-181,-181,-181,-187,-192,-189,-190,-184,-230,-245,-244,-226,-210,-229,-239,-176,-210,-202,-196,-162,-185,-187,-333,-339,-452,-438,-500,-493,-453,-413,-523,-501,-1289,-357,-374,-160,-1623,-1590,-1348,-1599,-1406,-1293,-29992,-29993,-29994,-29995]} 1. d4 Nf6 2. c4 e6 3. Nf3 d5 4. Nc3 Bb4 5. cxd5 exd5 6. Bg5 h6 7. Bh4 O-O {D38: Queen's Gambit Declined: Ragozin Defence (4 Nf3 Bb4)} 8. e3 Bf5 9. Qb3 Bxc3+ {The position is equal.} 10. Qxc3 g5 11. Bg3 Ne4 12. Qa3 $146 (12. Bxc7 $2 Qe7 $19) (12. Qxc7 $14 Qxc7 13. Bxc7) ({Predecessor:} 12. Qxc7 Qxc7 13. Bxc7 Nc6 14. Bb5 Rfc8 15. Bxc6 bxc6 {1-0 (85) Grischuk,A (2771)-Sethuraman,S (2637) Astana 2019}) 12... Re8 $36 {[%mdl 2048] Black has good play.} 13. Bd3 h5 14. Rc1 Nc6 15. O-O h4 $1 {[%cal Rh4g3]} 16. Bxc7 (16. Be5 $1 $15) 16... Qxc7 $19 17. Nxg5 Qd7 18. Nxe4 Bxe4 19. Bxe4 Rxe4 ({But not} 19... dxe4 20. Rc5 $17) 20. h3 Kh8 21. Rc5 {[#]} Rg8 $1 22. Kh1 Re6 23. Qb3 Rd6 24. e4 Ne7 ({Don't play} 24... Nxd4 25. Qe3) 25. Rfc1 Qe6 26. e5 Rb6 27. Qf3 Rxb2 28. Rc7 (28. Qh5+ $142 Kg7 29. Qg5+ Kf8 30. Qxh4) 28... Nf5 ({Not} 28... Rxa2 29. Qh5+ Kg7 30. Rxe7 $1 $11 {[%mdl 512]}) 29. Kh2 Qg6 30. Rd1 Rxa2 31. Rxb7 a5 32. Rb5 a4 33. Rxd5 {[#]} (33. Rb7 $142) 33... a3 $2 (33... Ne3 $1 {[%mdl 512]} 34. Rg1 (34. fxe3 Rxg2+) 34... Nxd5) 34. Ra5 {[#]} Qg5 (34... Qxg2+ $1 $19 {[%mdl 512] and Black stays clearly on top.} 35. Qxg2 Rxg2+ 36. Kxg2 Ne3+ {[%mdl 64] Double Attack} 37. Kf3 Nxd1) 35. Ra8 $2 (35. Rd3 $17) 35... Rxa8 36. Qxa8+ Kg7 {( -> ...Qf4+)} 37. Qf3 Rb2 38. Qxa3 Rxf2 {[%csl Gf2][%cal Rg5g2]} 39. Rg1 Qf4+ {[%mdl 64] Double Attack. Accuracy: White = 27%, Black = 68%.} 0-1

[Event "52nd Biel Festival Blitz 2019"]
[Site "Biel"]
[Date "2019.07.27"]
[Round "5.1"]
[White "Georgiadis, Nico"]
[Black "Shankland, Sam"]
[Result "0-1"]
[WhiteElo "2514"]
[BlackElo "2713"]
[Annotator "TA"]
[PlyCount "88"]
[EventDate "2019.07.27"]
[EventType "tourn"]
[EventCountry "SUI"]
[SourceTitle "playchess.com"]
[Source "ChessBase"]
[SourceQuality "1"]

{[%evp 15,88,31,42,39,31,16,19,-68,-64,-79,12,15,16,4,66,52,68,31,56,43,46,9,109,109,100,100,111,108,95,89,82,84,86,85,88,26,109,97,82,84,95,104,121,138,142,129,131,128,234,222,254,255,307,247,244,195,193,168,300,328,372,-4,-4,-8,0,-20,-17,-162,-58,-67,-66,-1095,-1027,-946,-916]} 1. d4 d5 2. c4 c6 3. Nf3 Nf6 4. Nc3 dxc4 5. a4 Bf5 6. Ne5 e6 7. f3 Bb4 8. Nxc4 O-O 9. Kf2 {D17: Slav Defence: 5 a4 Bf5: Lines with 6 Nh4 and 6 Ne5} c5 10. e4 Bg6 11. Be3 (11. Na2 $11) (11. Na2 Nc6 12. Nxb4 Nxb4 13. Qb3 Nxe4+ 14. fxe4 Bxe4 15. Bf4 Qf6 16. Qe3 Rad8 {1-0 (51) Iturrizaga Bonelli,E (2637)-Shankland,S (2725) chess.com INT 2019}) 11... cxd4 $15 12. Qxd4 Nc6 $146 ({Black should try} 12... Qe7 $1 $17 13. Ne5 Nfd7) ({Predecessor:} 12... Qe7 13. Ne5 Rd8 14. Qc4 Nbd7 15. Nd3 Bxc3 16. bxc3 Bxe4 17. fxe4 {0-1 (52) Marconi,R (1964)-Deskin,G (2111) ICCF email 2015}) 13. Qxd8 $1 $11 Rfxd8 14. Be2 Nd4 (14... Nd5 $11) 15. Rac1 $14 a6 16. Na2 Bc5 17. a5 Nd7 18. b4 Ba7 (18... Nxe2 $11 {remains equal.} 19. Kxe2 Be7) 19. Rhd1 $16 e5 20. Nd6 $36 {[%mdl 2048] White is on the roll.} b5 {[#]} 21. axb6 $1 Bxb6 22. Nc3 Nf8 23. Nc4 Nxe2 24. Kxe2 Bxe3 25. Kxe3 (25. Rxd8 $16 Rxd8 26. Kxe3) 25... f6 (25... Rxd1 $11 26. Rxd1 (26. Nxd1 Rc8 $14) 26... Rc8) 26. Rxd8 Rxd8 27. Nd5 Ne6 28. Ra1 Bf7 29. Rxa6 Nd4 {White should prevent ...Nc2+.} 30. Ncb6 h5 31. h4 Bxd5 (31... Nc2+ $16 32. Kf2 Be8) 32. Nxd5 {[%mdl 4096] Endgame KRN-KRN} ({Don't play} 32. exd5 $6 Nc2+ 33. Ke4 Nxb4 $16) 32... Rb8 {Now ...Nc2+ and Black clings on.} 33. Kd3 Kh7 34. Ra7 Kh6 35. Rc7 Ra8 36. Kc4 Ra2 {[#]} (36... Ra1 {keeps fighting.} 37. Rc5 Rc1+ 38. Kd3 Rd1+ 39. Kc3 Rg1) 37. b5 $1 $18 Rc2+ 38. Kb4 $2 (38. Kd3 $18 Rxg2 39. b6) 38... Rb2+ $11 39. Kc4 {And now b6 would win.} Rxb5 40. Ne7 Rb2 {Hoping for ...Rc2+.} 41. Kd5 (41. Ra7 $11 {and White stays safe.}) 41... Rxg2 (41... Rd2 $19 {...Nb5+ is the strong threat.} 42. Rc8 Kh7) 42. f4 $1 $15 Rd2 43. fxe5 $2 {[%mdl 8192]} (43. Rc8 $15 Ne2+ 44. Ke6 Nxf4+ 45. Kf7) 43... Nb5+ $19 {[%mdl 64] Discovered Attack} 44. Kc6 Nxc7 {Accuracy: White = 40%, Black = 34%.} 0-1

[Event "52nd Biel Festival Blitz 2019"]
[Site "Biel"]
[Date "2019.07.27"]
[Round "5.3"]
[White "Maghsoodloo, Parham"]
[Black "Bogner, Sebastian"]
[Result "0-1"]
[WhiteElo "2656"]
[BlackElo "2584"]
[Annotator "ChessBase"]
[PlyCount "52"]
[EventDate "2019.07.27"]
[EventType "tourn"]
[EventCountry "SUI"]
[SourceTitle "playchess.com"]
[Source "ChessBase"]
[SourceQuality "1"]
[TimeControl "180+2"]

1. Nf3 {[%emt 0:00:00]} d5 {[%emt 0:00:00]} 2. g3 {[%emt 0:00:00]} Nf6 {[%emt 0:00:00]} 3. Bg2 {[%emt 0:00:01]} e6 {[%emt 0:00:01]} 4. O-O {[%emt 0:00:03]} c5 {[%emt 0:00:01]} 5. c4 {[%emt 0:00:10]} d4 {[%emt 0:00:01]} 6. e3 {[%emt 0:00:01]} Nc6 {[%emt 0:00:01]} 7. exd4 {[%emt 0:00:01]} cxd4 {[%emt 0:00:01]} 8. d3 {[%emt 0:00:05]} Bd6 {[%emt 0:00:01]} 9. Re1 {[%emt 0:00:05]} O-O {[%emt 0:00:02]} 10. b3 {[%emt 0:00:07]} h6 {[%emt 0:00:17]} 11. Ba3 {[%emt 0:00:02]} a5 {[%emt 0:00:09]} 12. Bxd6 {[%emt 0:00:16]} Qxd6 {[%emt 0:00:01]} 13. Nbd2 {[%emt 0:00:03]} e5 {[%emt 0:00:02]} 14. a3 {[%emt 0:00:02]} Bf5 {[%emt 0:00:03]} 15. Qc2 {[%emt 0:00:01]} Nd7 {[%emt 0:00:08]} 16. Ne4 {[%emt 0:00:11]} Qe7 {[%emt 0:00:03]} 17. h3 {[%emt 0:00:06]} Bh7 {[%emt 0:00:07]} 18. g4 {[%emt 0:00:05]} f5 {[%emt 0:00:06]} 19. gxf5 {[%emt 0:00:01]} Bxf5 {[%emt 0:00:06]} 20. Qe2 {[%emt 0:00:14]} Rf7 {[%emt 0:00:43]} 21. Nfd2 {[%emt 0:00:54]} Raf8 22. Qh5 {[%emt 0:00:16]} Bh7 23. Rac1 {[%emt 0:00:47]} Qxa3 {[%emt 0:00:29]} 24. c5 {[%emt 0:00:00]} Kh8 25. Qd1 {[%emt 0:00:59]} Qb4 {[%emt 0:00:07]} 26. Rc4 {[%emt 0:00:12]} Qa3 {[%emt 0:00:33]} 0-1

[Event "52nd Biel Festival Blitz 2019"]
[Site "Biel"]
[Date "2019.07.27"]
[Round "6.1"]
[White "Shankland, Sam"]
[Black "Leko, Peter"]
[Result "1/2-1/2"]
[WhiteElo "2713"]
[BlackElo "2674"]
[Annotator "TA"]
[PlyCount "65"]
[EventDate "2019.07.27"]
[EventType "tourn"]
[EventCountry "SUI"]
[SourceTitle "playchess.com"]
[Source "ChessBase"]
[SourceQuality "1"]

{[%evp 18,65,16,6,0,0,6,8,19,0,27,17,29,-36,-32,-74,-68,-89,-85,-73,-67,-62,-66,-66,-77,-92,-94,-91,-70,-97,0,0,0,0,0,0,0,-34,-24,-32,-33,-16,0,0,0,0,0,0,0,0]} 1. Nf3 Nf6 2. c4 c5 3. Nc3 Nc6 4. e3 e6 5. d4 d5 6. cxd5 Nxd5 7. Bd3 Be7 8. O-O O-O 9. Qe2 cxd4 10. exd4 Bd7 {D42: Queen's Gambit Declined: Semi-Tarrasch: 5 cxd5 Nxd5 6 e3 Nc6 7 Bd3} 11. Rd1 $146 ({Predecessor:} 11. Qe4 g6 12. Bh6 Re8 13. Rac1 Bf6 14. Nxd5 exd5 15. Qf4 Bh8 16. Rfe1 Rxe1+ 17. Rxe1 Qf6 18. Qc7 Qd8 19. Qf4 Qf6 20. Qc7 Qd8 21. Qf4 Qf6 {½-½ (21) Svidler,P (2727)-Wei,Y (2734) Baku 2015}) 11... Rc8 12. a3 Re8 13. h4 Nxc3 14. bxc3 g6 15. Bg5 (15. Rb1 $11) 15... Na5 $15 16. c4 Bc6 (16... Bxg5 {keeps more tension.} 17. hxg5 Ba4 18. Re1 Bc6 19. Rad1 Bxf3 20. Qxf3 Qxg5 21. Re5 Qd8) 17. Bxe7 Qxe7 18. h5 Bxf3 19. Qxf3 Nxc4 20. Bxc4 Rxc4 21. d5 exd5 22. Rxd5 b6 23. Rad1 Re4 (23... Rh4 $17 {( -> ...Qe1+!)} 24. Qc3 a5) 24. g3 $1 $11 Re1+ 25. Rxe1 Qxe1+ {[%mdl 4096] Endgame KQR-KQR} 26. Kg2 $1 Qe4 27. Qxe4 (27. h6 $5 {[%cal Rf3e4]} Qe6 28. Rd3 $11) 27... Rxe4 {KR-KR} 28. h6 {[#] Intending Rd8+ and mate.} Kf8 29. Rd8+ Re8 {The position is equal.} 30. Rd7 Re7 31. Rd8+ Re8 32. Rd7 Re7 33. Rd8+ {Accuracy: White = 59%, Black = 43%.} 1/2-1/2

[Event "52nd Biel Festival Blitz 2019"]
[Site "Biel"]
[Date "2019.07.27"]
[Round "7.1"]
[White "Abdusattorov, Nodirbek"]
[Black "Shankland, Sam"]
[Result "0-1"]
[WhiteElo "2598"]
[BlackElo "2713"]
[Annotator "TA"]
[PlyCount "42"]
[EventDate "2019.07.27"]
[EventType "tourn"]
[EventCountry "SUI"]
[SourceTitle "playchess.com"]
[Source "ChessBase"]
[SourceQuality "1"]

{[%evp 16,74,15,13,22,0,4,0,0,-28,0,0,0,0,11,3,10,0,0,0,0,-39,-14,-37,-39,-36,-34,-54,-25,-41,-50,-26,0,-29,-25,-25,-27,-38,-10,-33,-28,-29,-33,-129,-104,-117,-131,-164,-166,-406,-244,-214,-138,-384,-212,-416,-401,-815,-809,-935,-925]} 1. d4 d5 2. Nf3 Nf6 3. c4 c6 4. e3 Bf5 5. Nc3 e6 6. Bd3 Bxd3 7. Qxd3 Bb4 8. Bd2 O-O 9. O-O Ba5 {D12: Slav Defence: 3 Nf3 Nf6 4 e3 Bf5} 10. b3 $146 ({Predecessor:} 10. a3 Nbd7 11. Rfe1 h6 12. Rad1 a6 13. b4 Bc7 14. e4 Nb6 15. c5 dxe4 16. Nxe4 Nbd5 17. Ng3 {0-1 (81) Nenezic,M (2495)-Mamedov,R (2699) Batumi 2018}) 10... Nbd7 {[%cal Bb8d7,Bd7b6,Bb6c4][%mdl 32]} 11. Rfe1 Re8 {The position is equal.} 12. a3 h6 13. b4 Bc7 14. e4 Nb6 15. cxd5 cxd5 16. e5 Nfd7 17. Rec1 Nc4 18. Be1 Rc8 19. a4 f6 20. exf6 $1 Qxf6 21. Nd2 Nxd2 {Played: Bc7-f4} 0-1

[Event "52nd Biel Festival Blitz 2019"]
[Site "Biel"]
[Date "2019.07.27"]
[Round "8.1"]
[White "Shankland, Sam"]
[Black "Bogner, Sebastian"]
[Result "1-0"]
[WhiteElo "2713"]
[BlackElo "2584"]
[Annotator "TA"]
[PlyCount "131"]
[EventDate "2019.07.27"]
[EventType "tourn"]
[EventCountry "SUI"]
[SourceTitle "playchess.com"]
[Source "ChessBase"]
[SourceQuality "1"]

{[%evp 14,131,20,10,37,9,9,19,25,25,31,29,22,27,37,29,30,35,50,45,50,10,10,7,7,0,0,0,0,0,0,0,57,50,47,13,125,50,50,50,51,47,118,0,0,-61,-71,-71,60,-4,0,-64,98,75,33,102,102,97,119,123,145,148,138,137,134,123,112,125,115,112,190,185,245,190,190,190,190,161,569,569,533,332,332,325,292,197,569,569,562,547,528,495,797,781,1121,872,1500,1492,1287,1247,1743,1754,5972,4509,3118,5361,12814,12818,29979,29980,29988,29989,29994,29995,29995,29994,29994,0,29995,29995]} 1. Nf3 d5 2. d4 Nf6 3. c4 e6 4. Nc3 c5 5. e3 a6 6. cxd5 exd5 7. Be2 Nc6 8. O-O Be6 {D32: Tarrasch Defence: Sidelines and lines without g3} (8... cxd4 9. Nxd4 Bd6 10. b3 Be5 11. Nxc6 bxc6 12. Bb2 h5 13. f4 Bb8 14. Na4 Ba7 15. Bd4 Bg4 16. Bxg4 hxg4 17. Rc1 {1-0 (68) Mamedyarov,S (2801)-Navara,D (2741) Biel 2018}) 9. Ne5 $146 ({Predecessor:} 9. b3 Rc8 10. Bb2 cxd4 11. Nxd4 Nxd4 12. Qxd4 Bc5 13. Qa4+ Bd7 14. Qh4 O-O 15. Rfd1 Be6 16. Bf3 {0-1 (44) Adhiban,B (2673)-Wen,Y (2571) Hamedan 2018}) 9... Rc8 10. Bf3 Be7 {The position is equal.} 11. Nxc6 Rxc6 12. dxc5 Rxc5 13. Ne2 O-O 14. b3 Ne4 15. Bb2 Bf6 16. Bd4 Rc6 17. Rc1 Rxc1 18. Qxc1 Ng5 19. Qb2 Nxf3+ 20. gxf3 Bxd4 $1 21. Qxd4 Qg5+ 22. Kh1 Rc8 (22... Qf5 $11 23. Nf4 h6) 23. Rg1 $14 Qh6 24. Nf4 Kh8 (24... g6 $11 {remains equal.}) 25. Qe5 (25. Nh5 $16 {[%cal Rh5g7]} Rg8 26. Nxg7 $1 {[%mdl 512]} Rxg7 27. Qe5 $1 {[%mdl 512]}) 25... Qf6 $1 {[%cal Rf6e5]} 26. Qxf6 gxf6 {[%mdl 4096] Endgame KRB-KRN} 27. Nh5 d4 (27... f5 $1 $14) 28. Nxf6 (28. exd4 $16 f5 29. Kg2) 28... d3 $11 {Threatens to win with ...d2.} 29. Rd1 ({White should try} 29. Kg2 $11) 29... Bh3 $1 $15 {[%mdl 1024] ( -> ...d2!). Black has compensation.} 30. Ne4 Rg8 (30... Rc2 $17) 31. Ng3 (31. Rxd3 $14 Bg2+ 32. Kg1 Bxf3+ 33. Ng3) 31... Rc8 (31... Rd8 $11) 32. Ne4 Rg8 $2 (32... Rc2 $15 {stays ahead.}) 33. Rxd3 $16 Bg2+ 34. Kg1 {aiming for Nf6.} Bxf3+ 35. Ng3 Rc8 {White must now prevent ...Rc1+.} 36. h3 h5 {[#] And now ...h4 would win.} 37. e4 $1 Rc1+ 38. Kh2 Bd1 39. h4 Bg4 40. f3 Rc2+ 41. Kg1 Bh3 (41... Be6 $16 {might work better.}) 42. Nxh5 $18 Rxa2 (42... Rg2+ $142 43. Kh1 Rxa2) 43. Nf4 Be6 44. Nxe6 fxe6 {KR-KR} 45. Rd6 e5 $2 (45... a5 46. Rxe6 b5) 46. Rb6 Kg7 47. h5 Rb2 48. b4 ({Less strong is} 48. Rxb7+ Kh6 $14) 48... Kh7 49. h6 (49. Rxb7+ Kh6 $16) 49... Rc2 $2 (49... Ra2 50. Kf1 (50. Rxb7+ Kxh6 51. Re7 a5 $16) 50... Rb2) 50. Rxb7+ Kxh6 {[#]} 51. Re7 $1 {[%cal Re7e5]} Kg5 52. Rxe5+ Kf4 (52... Kf6 $142 53. Ra5 Rb2 54. Rxa6+ Ke5 55. Ra5+ Kd4) 53. Rf5+ Kg3 54. Kf1 Rb2 55. e5 Rxb4 56. Ke2 Rb6 57. Ke3 a5 58. Rg5+ Kh4 59. Rg8 Ra6 60. Kf4 {Rh8+ would kill now.} Kh5 61. Kf5 Kh6 62. e6 a4 63. e7 Ra5+ 64. Kf6 {[%cal Rg8h8]} Ra6+ 65. Kf5 Ra5+ 66. Kf4 {Played: Kf5-e4} 1-0

[Event "52nd Biel Festival Blitz 2019"]
[Site "Biel"]
[Date "2019.07.27"]
[Round "8.3"]
[White "Vidit, Santosh Gujrathi"]
[Black "Georgiadis, Nico"]
[Result "1-0"]
[WhiteElo "2703"]
[BlackElo "2514"]
[Annotator "TA"]
[PlyCount "37"]
[EventDate "2019.07.27"]
[EventType "tourn"]
[EventCountry "SUI"]
[SourceTitle "playchess.com"]
[Source "ChessBase"]
[SourceQuality "1"]

{[%evp 9,95,21,31,22,29,20,33,31,44,41,46,35,42,30,68,46,47,56,51,43,36,22,112,126,117,115,103,116,111,70,56,12,5,9,11,-130,111,111,111,111,111,111,111,104,111,103,111,111,111,111,171,171,170,170,163,160,150,110,122,0,145,109,151,0,197,206,493,439,533,516,712,670,665,658,871,829,5691,5427,29984,29985,29985,29983,29983,29982,29982,29983,29983,29984]} 1. d4 d5 2. c4 e6 3. Nc3 Bb4 4. cxd5 exd5 5. Bf4 Ne7 (5... c6 6. e3 Bf5 7. Bd3 Bxd3 8. Qxd3 Ne7 9. Nge2 Nd7 10. O-O O-O 11. a3 Ba5 12. Rfc1 a6 13. Bg5 {½-½ (74) Andreikin,D (2708)-Fedoseev,V (2731) Sochi 2017}) 6. e3 {D31: Queen's Gambit Declined: Semi-Slav without ...Nf6 (+ Marshall Gambit and Noteboom) and Exchange Variation lines without ...Nf6} O-O 7. Bd3 Bd6 $146 ({Predecessor:} 7... Bf5 8. Bxf5 Nxf5 9. Nge2 c6 10. O-O Na6 11. Qc2 Qd7 12. a3 Bd6 13. b4 {½-½ (46) Arabidze,M (2369)-Ruck,R (2529) Batumi 2018}) 8. Nge2 {White is slightly better.} c6 9. Qc2 h6 10. O-O Bxf4 11. Nxf4 Nd7 12. Rad1 Nf6 13. f3 Re8 14. h3 b6 15. Qf2 c5 (15... Nf5 $11 16. e4 dxe4 17. fxe4 Nxd4) 16. dxc5 $16 bxc5 17. Bb5 $36 {[%mdl 2048] Hoping for Nfxd5! White is on the roll.} Bd7 {[#]} 18. Bxd7 $1 Qxd7 19. Nfxd5 {Played: Nc3xd5} 1-0

[Event "52nd Biel Festival Blitz 2019"]
[Site "Biel"]
[Date "2019.07.27"]
[Round "9.1"]
[White "Maghsoodloo, Parham"]
[Black "Shankland, Sam"]
[Result "1-0"]
[WhiteElo "2656"]
[BlackElo "2713"]
[Annotator "TA"]
[PlyCount "217"]
[EventDate "2019.07.27"]
[EventType "tourn"]
[EventCountry "SUI"]
[SourceTitle "playchess.com"]
[Source "ChessBase"]
[SourceQuality "1"]

{[%evp 16,217,-25,-36,-22,-15,-20,-25,-1,0,0,-5,0,-8,-5,-18,0,0,-2,-86,-86,-86,-85,-88,-72,-87,-79,-81,-74,-67,34,34,68,34,34,34,52,52,60,41,41,0,28,28,28,28,28,28,60,60,60,60,60,60,60,60,60,60,60,60,115,60,60,60,60,60,60,60,60,60,104,104,130,120,283,283,508,483,562,560,512,493,495,392,477,424,362,0,0,0,0,0,0,0,0,0,0,0,0,-1463,-1169,-1920,-1854,-548,0,0,0,0,0,-29973,30,0,0,-8,-8,-8,0,0,0,0,0,0,0,0,8,8,67,67,67,67,67,67,67,67,67,67,67,67,67,67,67,67,67,67,67,67,68,84,98,98,98,98,98,98,98,23,98,98,98,98,98,98,98,98,98,0,98,0,98,0,98,0,98,98,98,98,98,0,0,0,98,98,98,98,29960,29961,29963,29964,29964,29965,29976,29977,29975,29977,29978,29979,29980,29981,29981,29982,29981,29982,29982,29982]} 1. d4 d5 2. Nf3 Nf6 3. Bf4 c5 4. e3 Nc6 5. c3 Qb6 6. Qb3 c4 7. Qc2 Bf5 8. Qc1 e6 9. Nbd2 h6 {D02: 1 d4 d5 2 Nf3 sidelines, including 2...Nf6 3 g3 and 2...Nf6 3 Bf4} 10. Be2 Be7 11. O-O Qa5 {Black has an edge.} 12. b4 Qd8 13. a4 $146 ({Predecessor:} 13. Bd1 O-O 14. Bc2 b5 15. Bxf5 exf5 16. a4 a6 17. Ne5 Nxe5 18. dxe5 {1-0 (69) Bancod,R (2373)-Adianto,U (2583) Kuala Lumpur 2007}) 13... O-O 14. h3 a6 {[%cal Ba7a6,Ba6a5][%mdl 32]} 15. Ne5 Nxe5 16. dxe5 Ne4 17. Nf3 (17. a5 $11) 17... a5 $17 18. b5 Nc5 19. Nd4 Bd3 20. Qd1 Qd7 21. Bxd3 Nxd3 22. Qg4 {Bxh6 is the strong threat.} f5 (22... Kh7 $15) 23. Qg6 $14 Nc5 24. Bxh6 {[%csl Gh6][%cal Rg6g7]} Bd8 25. Bg5 Qf7 26. Qxf7+ Kxf7 27. Bxd8 Rfxd8 28. f4 Rh8 29. Nf3 Ne4 30. Rac1 Ke7 31. Kh2 Rag8 32. g3 g5 33. fxg5 Nxg5 34. Nxg5 Rxg5 {[%mdl 4096] Endgame KRR-KRR} 35. Rf4 Rgh5 36. h4 b6 37. Rh1 Kf7 {[#]} (37... Rg8 $14) 38. Kg2 ({White should try} 38. e4 $1 $16 {[%mdl 512]}) 38... Ke7 39. Rf2 Rg8 40. Rh3 Rgh8 41. Rd2 R5h7 42. Rd4 Rg8 43. h5 Rh6 44. Kf3 Kf7 $2 (44... Rf8 $16 {is a better defense.}) 45. g4 $18 Rg5 $2 (45... Rd8 46. g5 Rhh8) 46. gxf5 $1 Rgxh5 47. Rxh5 Rxh5 {KR-KR} 48. e4 dxe4+ 49. Kxe4 Rh4+ 50. Ke3 Rh3+ 51. Ke2 $2 (51. Kf4 $18) 51... exf5 $11 52. Rxc4 {Hoping for Rc6.} Ke6 $1 53. Rc6+ Kxe5 54. Kd2 Rh2+ 55. Kd3 Rh3+ 56. Kc4 Rh4+ 57. Kb3 $2 {[%mdl 8192]} (57. Kd3 $11) 57... f4 $19 58. Rxb6 f3 {( -> ...f2)} 59. Rb8 Rf4 $2 (59... f2 $1 $19 {[%cal Rf2f1]} 60. Re8+ Kf4 61. Rf8+ Kg3) 60. Re8+ $1 $11 Kd5 61. Rd8+ Kc5 62. Rc8+ $2 {[%mdl 8192]} (62. Rd1 $11) 62... Kd6 $2 (62... Kb6 $1 {mates} 63. Rc6+ Kb7 64. Rh6 f2 65. Rh7+ Kb6 66. Rh6+ Kc7 67. Rh7+ Kd6 68. Rh6+ Ke5 69. Rh1 f1=Q 70. Rxf1 Rxf1 71. Kc4 Kd6 72. Kb3 Ra1 73. b6 Kc6 74. Kc4 Rxa4+ 75. Kd3 Kxb6 76. Ke3 Rh4 77. Kd2 Rh3 78. Kc2 a4 79. c4 a3 80. Kc1 Rh2 81. Kb1 Kc5 82. Ka1 Rh1+ 83. Ka2 Kxc4 84. Kxa3 Rh2 85. Ka4 Ra2#) 63. Rd8+ Kc5 {And now ...f2 would win.} (63... Kc7 $5 64. Rd1 $8 Kb6 $11) 64. Rd1 f2 65. Rf1 Rf3 66. Kc2 Kc4 67. Kd2 Rf6 68. Ke3 Kxc3 69. Rxf2 Re6+ 70. Kf4 {Black should prevent Kf5.} Kb4 ({Black should play} 70... Re8 $11) 71. Kf5 Re8 72. Rf4+ $1 Kc5 73. Re4 Rf8+ 74. Ke5 Re8+ 75. Kf4 Rf8+ 76. Ke3 Rh8 77. Kd3 Rh3+ 78. Re3 Rh4 79. Re5+ Kb6 80. Re4 $1 {[%cal Re4h4]} Rh1 81. Re6+ Kc5 82. Rc6+ Kb4 83. Rc4+ $1 Kb3 {Threatens to win with ...Rh3+.} 84. Rd4 Rh5 85. Ke4 (85. Re4 $16) 85... Ka3 (85... Kc3 $1 $11 {keeps the balance.} 86. Rd1 Kb4 87. Rb1+ Kc5) 86. Kf4 $16 Kb3 87. Re4 Rc5 88. Ke3 ({Of course not} 88. b6 $6 Rc6 $11) 88... Rh5 89. Kd3 Rd5+ 90. Rd4 (90. Ke2 {is interesting.} Rh5 91. Kf3 Rg5 92. Rd4 Rc5 93. Rg4) 90... Rh5 $1 91. Ke4 Ka3 92. Kf4 Kb3 $1 93. Re4 Rc5 $1 94. Kg4 ({Don't play} 94. b6 $6 Rc6 $11) 94... Ka3 95. Rf4 Rd5 96. Rf5 Rd4+ 97. Rf4 Rd5 $1 98. Kf3 Kb3 99. Ke4 Rc5 $2 {[%mdl 8192]} (99... Rh5 $16) 100. Kd4 {White mates.} ({Weaker is} 100. b6 Rc6 $16) 100... Rh5 101. b6 Kxa4 {[#]} 102. Kc4 $1 Rb5 {[#]} 103. Rf1 $1 {[%cal Rf1a1]} Rb4+ 104. Kc5 Rb5+ 105. Kc6 Rb2 106. Ra1+ Kb4 107. b7 Rc2+ 108. Kb6 Rb2 109. Rxa5 {Accuracy: White = 67%, Black = 57%.} 1-0